Movies Quiz

Random Movies Quiz

Match the Actor to their 'Airport' Film Quiz Stats

 Plays Quiz not verified by Sporcle

Challenge
Share
Tweet
Embed
Score 0/43 Timer 06:00
0 Plays Today
% Correct
???
75%
???
66.7%
???
58.3%
???
58.3%
???
58.3%
???
50%
???
50%
???
50%
???
41.7%
???
41.7%
???
41.7%
???
41.7%
???
41.7%
???
41.7%
???
41.7%
???
41.7%
???
41.7%
???
41.7%
???
41.7%
???
33.3%
???
33.3%
???
33.3%
% Correct
???
33.3%
???
33.3%
???
33.3%
???
33.3%
???
33.3%
???
33.3%
???
33.3%
???
33.3%
???
25%
???
25%
???
25%
???
25%
???
25%
???
25%
???
25%
???
25%
???
16.7%
???
16.7%
???
16.7%
???
16.7%
???
16.7%

You're not logged in!

Compare scores with friends on all Sporcle quizzes.
Join for Free
OR
Log In

You Might Also Like...

Show Comments

Extras

Created Aug 6, 2017ReportNominate

Top Quizzes Today


Score Distribution

Your Account Isn't Verified!

In order to create a playlist on Sporcle, you need to verify the email address you used during registration. Go to your Sporcle Settings to finish the process.

Report this User

Report this user for behavior that violates our Community Guidelines.

Details: